Ecological complexity and agroecology (Record no. 77449)

MARC details
000 -LEADER
fixed length control field 00665nam a22002297a 4500
005 - DATE AND TIME OF LATEST TRANSACTION
control field 20230628081734.0
008 - FIXED-LENGTH DATA ELEMENTS--GENERAL INFORMATION
fixed length control field 230427b |||||||| |||| 00| 0 eng d
020 ## - INTERNATIONAL STANDARD BOOK NUMBER
International Standard Book Number 9781138231979
Qualifying information Paperback
040 ## - CATALOGING SOURCE
Original cataloging agency CBULib
Transcribing agency CBULib
041 ## - LANGUAGE CODE
Language code of text/sound track or separate title eng
050 ## - LIBRARY OF CONGRESS CALL NUMBER
Classification number S 589.7
100 ## - MAIN ENTRY--PERSONAL NAME
Personal name Vandermeer, John
245 ## - TITLE STATEMENT
Title Ecological complexity and agroecology
Statement of responsibility, etc. / by John Vandermeer
260 ## - PUBLICATION, DISTRIBUTION, ETC.
Place of publication, distribution, etc. New York,
Name of publisher, distributor, etc. Routledge,
Date of publication, distribution, etc. 2018
300 ## - PHYSICAL DESCRIPTION
Extent xxi, 250 pages : illustrations
600 ## - SUBJECT ADDED ENTRY--PERSONAL NAME
Source of heading or term Title page
Personal name VANDERMEER, JOHN
600 ## - SUBJECT ADDED ENTRY--PERSONAL NAME
Source of heading or term Title page
Personal name PERFECTO, IVETTE
650 ## - SUBJECT ADDED ENTRY--TOPICAL TERM
Topical term or geographic name entry element AGRICULTURAL ECOLOGY
650 ## - SUBJECT ADDED ENTRY--TOPICAL TERM
Topical term or geographic name entry element BIOCOMPLEXITY
700 ## - ADDED ENTRY--PERSONAL NAME
Personal name Perfecto, Ivette
942 ## - ADDED ENTRY ELEMENTS (KOHA)
Koha item type MONOGRAPH
999 ## -
-- 77449
-- 77449
Holdings
Withdrawn status Lost status Source of classification or shelving scheme Damaged status Not for loan Collection code Permanent Location Current Location Shelving location Date acquired Source of acquisition Cost, normal purchase price Full call number Barcode Date last seen Copy number Cost, replacement price Price effective from Koha item type Total Checkouts
          Main Library Open Access Collection CBU-MAIN LIBRARY, KITWE. CBU-MAIN LIBRARY, KITWE. General Stacks 04/27/2023 DON-BOOKAID 23.80 S 589.7 Van 752046 04/27/2023 3 28.56 04/27/2023 MONOGRAPH  
          Main Library Open Access Collection CBU-MAIN LIBRARY, KITWE. CBU-MAIN LIBRARY, KITWE. General Stacks 04/27/2023 DON-BOOKAID 23.80 S 589.7 Van 752047 04/27/2023 4 28.56 04/27/2023 MONOGRAPH  
          Mpika Library Collection CBU-MPIKA LIBRARY, MPIKA CAMPUS. CBU-MAIN LIBRARY, KITWE. General Stacks 05/18/2023 DON-BOOKAID   S 589.7 Van 752044 05/18/2023 1   05/18/2023 MONOGRAPH  
          Mpika Library Collection CBU-MPIKA LIBRARY, MPIKA CAMPUS. CBU-MAIN LIBRARY, KITWE. General Stacks 05/18/2023 DON-BOOKAID   S 589.7 Van 752045 05/18/2023 2   05/18/2023 MONOGRAPH